Do Free Trade Regimes and Common Currency Drive Export Growth?

Prehľad literatúry o hospodárskej a menovej integrácii a determinantoch exportu. Dopad liberalizácie obchodu a spoločnej meny na rast vývozu krajín EÚ - analýza na základe údajov z obdobia 1995-2015.

Gespeichert in:
Bibliographische Detailangaben
1. Verfasser: Butkus, Mindaugas
Weitere Verfasser: Karpavičius, Henrikas, Matuzevičiūtė, Kristina
Format: Buchkapitel
Sprache:Englisch
Schlagworte:
Tags: Tag hinzufügen
Keine Tags, Fügen Sie das erste Tag hinzu!

MARC

LEADER 00000naa a2200000 4500
001 0250852
005 20190212150006.9
041 0 |a eng 
044 |a CZ 
245 1 0 |a Do Free Trade Regimes and Common Currency Drive Export Growth?  |c Mindaugas Butkus, Henrikas Karpavičius, Kristina Matuzevičiūtė 
520 |a Prehľad literatúry o hospodárskej a menovej integrácii a determinantoch exportu. Dopad liberalizácie obchodu a spoločnej meny na rast vývozu krajín EÚ - analýza na základe údajov z obdobia 1995-2015. 
610 2 0 |a obchod 
610 2 0 |a obchod medzinárodný 
610 2 0 |a integrácia ekonomická 
610 2 0 |a integrácia ekonomická medzinárodná 
610 2 0 |a integrácia menová 
610 2 0 |a rast hospodársky 
610 2 0 |a vývoz 
610 2 0 |a obchod voľný 
610 2 0 |a eurozóna 
610 2 0 |a Európska únia 
610 2 0 |a ukazovatele makroekonomické 
100 1 |a Butkus, Mindaugas 
700 1 |a Karpavičius, Henrikas 
700 1 |a Matuzevičiūtė, Kristina